000 00753nam a2200253 a 4500
005 20140310183527.0
008 111013s19uu xx 00 eng d
010 _a2009040290
020 _a9780240812649
050 _aTK 6655.V5
_b.M88 2010
100 _aMusburger, Robert B.
245 _aSingle-camera video production /
_cRobert B. Musburger.
250 _a5th ed.
260 _aBurlington, MA :
_bFocal Press,
_cc2010.
300 _axiii, 300 p. :
_bill. ;
_c23 cm.
440 _aMedia manuals
500 _aIncludes bibliographical references and index.
521 _aMA
650 _aVideo tape recorders
650 _aVideo recordings
_xProduction and direction
650 _aCamcorders
942 _cBK
_2lcc
_kFOR
999 _c24532
_d24532